00242nam a2200109 4500082001400000245003800014250000900052260002900061300001100090650001400101650001700115 a540.3 CON aThe condensed chemical Dictionary a5 ed aNew YorkbReinholdc1956 a1200 p aChemistry aDictionaries